<?xml version="1.0" encoding="UTF-8"?><?xml-stylesheet type="text/xsl" href="static/style.xsl"?><OAI-PMH xmlns="http://www.openarchives.org/OAI/2.0/" xmlns:xsi="http://www.w3.org/2001/XMLSchema-instance" xsi:schemaLocation="http://www.openarchives.org/OAI/2.0/ http://www.openarchives.org/OAI/2.0/OAI-PMH.xsd"><responseDate>2026-04-19T11:22:19Z</responseDate><request verb="GetRecord" identifier="oai:www.recercat.cat:2117/413211" metadataPrefix="marc">https://recercat.cat/oai/request</request><GetRecord><record><header><identifier>oai:recercat.cat:2117/413211</identifier><datestamp>2025-07-23T00:43:26Z</datestamp><setSpec>com_2072_1033</setSpec><setSpec>col_2072_452951</setSpec></header><metadata><record xmlns="http://www.loc.gov/MARC21/slim" xmlns:dcterms="http://purl.org/dc/terms/" xmlns:xsi="http://www.w3.org/2001/XMLSchema-instance" xmlns:doc="http://www.lyncode.com/xoai" xsi:schemaLocation="http://www.loc.gov/MARC21/slim http://www.loc.gov/standards/marcxml/schema/MARC21slim.xsd">
   <leader>00925njm 22002777a 4500</leader>
   <datafield ind2=" " ind1=" " tag="042">
      <subfield code="a">dc</subfield>
   </datafield>
   <datafield ind2=" " ind1=" " tag="720">
      <subfield code="a">Canals Tarragó, Pau</subfield>
      <subfield code="e">author</subfield>
   </datafield>
   <datafield ind2=" " ind1=" " tag="260">
      <subfield code="c">2024-07-10</subfield>
   </datafield>
   <datafield ind2=" " ind1=" " tag="520">
      <subfield code="a">La succió del vent és un aspecte a tenir en compte en l’edificació, i més concretament en les façanes. Existeixen ancoratges que serveixen per retenir els panells prefabricats de formigó, contrarestant l’acció del vent. L’Oculfix és un ancoratge fabricat per l’empresa Noxifer que té com a funció principal evitar el bolc i el desplaçament dels panells sotmesos a la succió del vent. L’objectiu d’aquest treball rau a optimitzar l’Oculfix per tal d’abaratir costs de producció. L’estudi busca reduir la quantitat necessària per fabricar aquest producte i maximitzar la productivitat, disminuint el nombre de processos de fabricació i el temps de cadascun, sempre atenint als requisits, especificacions i normes vigents recollides al plec de condicions. El desenvolupament del treball comença amb una familiarització de l’Oculfix i els accessoris que completen el sistema de retenció, per a després, fer recerca sobre quins són els precedents, i estudiar les propostes de productes que presenten les empreses competidores. Seguidament, es presenten diferents propostes de disseny del nou Oculfix i se’n selecciona una, que és objecte d’estudi. Mitjançant el mètode d’elements finits, es calcula el model introduint la càrrega especificada al plec de condicions, i es verifica les dimensions de xapa que cal utilitzar per poder suportar la flexió que provoca l’acció del vent. Quan s’obtenen els resultats, es dibuixen els plànols, es determina el material amb què es fabrica l’Oculfix i també l’acabat superficial. Finalment, s’avalua les accions que s’han dut a terme per a reduir l’impacte mediambiental durant tota la vida útil del producte.</subfield>
   </datafield>
   <datafield ind2=" " ind1=" " tag="520">
      <subfield code="a">La succión del viento es un aspecto a tener en cuenta en la edificación, y más concretamente en las fachadas. Existen anclajes que sirven para retener los paneles prefabricados de hormigón, contrarrestando la acción del viento. El Oculfix es un anclaje fabricado por la empresa Noxifer que tiene como función principal evitar el vuelco y el desplazamiento de los paneles sometidos a la succión del viento. El objetivo de este trabajo es optimizar el Oculfix para abaratar costes de producción. El estudio busca reducir la cantidad necesaria para fabricar este producto y maximizar la productividad, disminuyendo el número de procesos de fabricación y el tiempo de cada uno, siempre ateniendo a los requisitos, especificaciones y normas vigentes recogidas al pliego de condiciones. El desarrollo del trabajo empieza con una familiarización de la Oculfix y los accesorios que completan el sistema de retención, seguido de una investigación sobre cuáles son los precedentes, y estudiar las propuestas de productos que presentan las empresas competidoras. Seguidamente, se presentan diferentes propuestas de diseño del nuevo Oculfix y se selecciona una, que es objeto de estudio. Mediante el método de elementos finitos, se calcula el modelo introduciendo la carga especificada en el pliego de condiciones, y se verifica las dimensiones de chapa que hay que utilizar para poder soportar la flexión que provoca la acción del viento. Cuando se obtienen los resultados, se dibujan los planos, se determina el material con que se fabrica el Oculfix y también el acabado superficial. Finalmente, se evalúa las acciones que se han llevado a cabo para reducir el impacto medioambiental durante toda la vida útil del producto.</subfield>
   </datafield>
   <datafield ind2=" " ind1=" " tag="520">
      <subfield code="a">Wind suction is an aspect to take into account in the building, and more specifically in the facades. There are anchors that are used to retain the prefabricated concrete panels, counteracting the action of the wind. The Oculfix is an anchor made by the company Noxifer whose main function is to avoid the dump and the displacement of the panels subjected to wind suction. The objective of this work is to optimize the Oculfix in order to reduce production costs. The study seeks to reduce the amount of material necessary to manufacture this product and maximize productivity, reducing the number of manufacturing processes and the time of each one, always attending to the requirements, specifications and regulations in force. The development of the work begins with a familiarization of the Oculfix and the accessories that complete the retention system, and then, carry out research on what are the precedents, and study the proposals of products presented by the competing companies. Next, different design proposals for the new Oculfix are presented and one is selected, which is the object of study. Using the finite element method, the model is calculated by entering the specified load, and the sheet dimensions that must be used to support the bending caused by the action of the wind are verified. When the results are obtained, the plans are drawn, the material with which the Oculfix is manufactured and also the surface finish is determined. Finally, the actions that have been carried out to reduce the environmental impact throughout the product's lifetime are evaluated.</subfield>
   </datafield>
   <datafield tag="653" ind2=" " ind1=" ">
      <subfield code="a">Àrees temàtiques de la UPC::Enginyeria civil::Materials i estructures::Materials i estructures de formigó</subfield>
   </datafield>
   <datafield tag="653" ind2=" " ind1=" ">
      <subfield code="a">Àrees temàtiques de la UPC::Enginyeria mecànica</subfield>
   </datafield>
   <datafield tag="653" ind2=" " ind1=" ">
      <subfield code="a">Anchorage (Structural engineering)</subfield>
   </datafield>
   <datafield tag="653" ind2=" " ind1=" ">
      <subfield code="a">Industrial productivity</subfield>
   </datafield>
   <datafield tag="653" ind2=" " ind1=" ">
      <subfield code="a">Precast concrete industry</subfield>
   </datafield>
   <datafield tag="653" ind2=" " ind1=" ">
      <subfield code="a">Succió del vent</subfield>
   </datafield>
   <datafield tag="653" ind2=" " ind1=" ">
      <subfield code="a">Oculfix</subfield>
   </datafield>
   <datafield tag="653" ind2=" " ind1=" ">
      <subfield code="a">Optimitzar</subfield>
   </datafield>
   <datafield tag="653" ind2=" " ind1=" ">
      <subfield code="a">Cost de producció</subfield>
   </datafield>
   <datafield tag="653" ind2=" " ind1=" ">
      <subfield code="a">Retenció</subfield>
   </datafield>
   <datafield tag="653" ind2=" " ind1=" ">
      <subfield code="a">Elements finits</subfield>
   </datafield>
   <datafield tag="653" ind2=" " ind1=" ">
      <subfield code="a">Vida útil</subfield>
   </datafield>
   <datafield tag="653" ind2=" " ind1=" ">
      <subfield code="a">Bolc</subfield>
   </datafield>
   <datafield tag="653" ind2=" " ind1=" ">
      <subfield code="a">Prefabricat de formigó</subfield>
   </datafield>
   <datafield tag="653" ind2=" " ind1=" ">
      <subfield code="a">Tractament superficial</subfield>
   </datafield>
   <datafield tag="653" ind2=" " ind1=" ">
      <subfield code="a">Procés de fabricació</subfield>
   </datafield>
   <datafield tag="653" ind2=" " ind1=" ">
      <subfield code="a">Ancoratge (Enginyeria d'estructures)</subfield>
   </datafield>
   <datafield tag="653" ind2=" " ind1=" ">
      <subfield code="a">Productivitat industrial</subfield>
   </datafield>
   <datafield tag="653" ind2=" " ind1=" ">
      <subfield code="a">Formigó prefabricat -- Indústria i comerç</subfield>
   </datafield>
   <datafield ind2="0" ind1="0" tag="245">
      <subfield code="a">Optimització de l'OCULFIX</subfield>
   </datafield>
</record></metadata></record></GetRecord></OAI-PMH>